000 00696nam a2200277Ia 4500
003 OSt
005 20221005060327.0
006 a|||||r|||| 00| 0
007 ta
008 221004b |||||||| |||| 00| 0 eng d
020 _a0415154820
024 _a26145
037 _cTextual
040 _aCRL
_cCRL
_beng
041 _2eng
_aeng
082 _aV2.N9, N8
100 _aKulke Hermann
245 0 _aHistory of India
250 _a3rd
260 _aLondon
_bRoutledge
_c1998
300 _a395p.
_ccm.
650 _aINDIA - HISTORY
700 _a Rothermund Dietmar
942 _hV2.N9, N8
_cTEXL
_2cc
999 _c966556
_d966556